7 to 1: One Letter Off Quiz Stats

 Plays Quiz Updated Dec 27, 2017

Score 0/28 Timer 05:00
0 Plays Today
% Correct
BELLOW
90.7%
BLUR
90%
OMEN
87.6%
GRANGE
87.4%
GREET
87.2%
DUNE
86.7%
DAY
86.2%
MARSH
85.5%
LIVE
84.9%
HOUR
84.8%
CHAR
84.5%
ROD
84.2%
NONE
84.1%
SIT
82%
% Correct
TUBA
79.1%
MALL
77.8%
IRON
74.9%
LIGHT
72.1%
PERK
69.8%
HERO
69.6%
START
68.3%
LASS
63.4%
DECK
61.3%
ZETA
57.9%
WAGER
54%
FIR
52.9%
TERM
52.9%
PICK
46.9%

You're not logged in!

Compare scores with friends on all Sporcle quizzes.
OR
Log In

Sporcle TV

Today on Sporcle TV


Watch our educational content, quiz creation guides, and fun videos on Sporcle TV.

Show Comments

Extras

Top Quizzes Today


Score Distribution

Your Account Isn't Verified!

In order to create a playlist on Sporcle, you need to verify the email address you used during registration. Go to your Sporcle Settings to finish the process.

Report this User

Report this user for behavior that violates our Community Guidelines.

Details: